00754nam a22002057a 4500003000400000005001700004008004100021040002600062082002500088100003000113245011700143250001000260260005100270300002400321365002500345504003100370650004600401650003600447650006500483OSt20250624180052.0250624b |||||||| |||| 00| 0 sp d acunsurocbespcanacap 21aed.a330.9728 B637 aBolaños Santos, Eduardo aEl mercado común Centroamericano aspectos fundamentales, instituciones y convenios.cBolaños Santos, Eduardo a1aed. aGuatemala:bServiprensa Centroamericana,c1981 a240p. :cil.; 21cm. b1d25.00 y 20.00jgt aBibliografía: p. 239-240 2Integración Económica Centroamericana 2Mercado común Centroamericano 2Institución de Integración - ODECA, SIECA, BCIE Y OTROS